| 000 | 00000nam##2200000za#4500 |
| 001 | 9.683949 |
| 003 | CaOODSP |
| 005 | 20210615133904 |
| 007 | ta |
| 008 | 150407|2007||||xxc||||| f|0| 0 fre|d |
| 020 | |a978-0-662-07032-0 |
| 040 | |aCaOODSP|bfre |
| 043 | |an-cn--- |
| 086 | 1 |aCD4-47/2007F |
| 110 | 1 |aCanada.|bAgence canadienne de développement international. |
| 245 | 10|aProgramme de l'ACDI pour la Chine - guide de mise en oeuvre Égalité entre les sexes |
| 260 | |aGatineau - Québec : |bAgence canadienne de développement international |c©2007. |
| 300 | |avii, 31p. : |bphotographies ; |c28 cm. |
| 520 | 3 |aLe Guide de mise en Ĺ“uvre de la dimension de l’égalité entre les sexes a pour objet de favoriser l’intégration des principes de l’égalité entre les sexes aux activités du Programme de l’Agence canadienne de développement international (ACDI) en Chine. Il vise à faire le pont entre le Cadre de programmation-pays 2005-2010 pour la Chine et la Politique de l’ACDI en matière d’égalité entre les sexes (mars 1999). |
| 563 | |aCouverture souple |
| 590 | |a07-47|b2007-11-23 |
| 691 | 07|aÉgalité des sexes|2gcpds |
| 691 | 07|aDéveloppement international|2gcpds |
| 775 | 08|tCIDA China Program - Gender Equality toolkit |w(CaOODSP)9.650873 |
| 775 | 08|tCIDA China Program - Gender Equality toolkit |w(CaOODSP)9.669081 |
| 775 | 08|tProgramme de l'ACDI pour la Chine - guide de mise en oeuvre Égalité entre les sexes |w(CaOODSP)9.669082 |
| 776 | 0#|tProgramme de l'ACDI pour la Chine - égalité entre les sexes |w(CaOODSP)9.634508 |